[Event "Istanbul Open 2017"]
[Site "Istanbul"]
[Date "2017.09.15"]
[Round "6"]
[White "Karaokcu, Erkin"]
[Black "Ozsakallioglu, Okan"]
[Result "1/2-1/2"]
[WhiteElo "2206"]
[BlackElo "1926"]
[Annotator "TA"]
[PlyCount "88"]
[EventDate "2017.??.??"]
[EventType "swiss"]
[EventCountry "TUR"]
[SourceTitle "playchess.com"]
[Source "ChessBase"]
[SourceQuality "1"]

{[%evp 20,88,-21,-16,-8,-17,-11,-17,-1,-22,-16,-25,-24,-25,-16,-23,-25,-31,-24,-33,0,-6,0,-33,-38,-51,-20,-41,-45,-45,0,0,0,0,0,0,0,0,0,0,0,0,0,0,0,0,0,0,0,0,0,0,0,0,0,0,0,0,0,0,0,0,0,0,0,0,0,0,0,0,0]} 1. Nf3 c5 2. c4 Nc6 3. g3 g6 4. Bg2 Bg7 5. Nc3 e5 6. O-O Nge7 7. Ne1 d6 8. Nc2 O-O 9. Ne3 Rb8 10. Ned5 {A37: Symmetrical English vs ...g6: 4 Bg2 Bg7 5 Nf3} (10. d3 a6 11. a4 b6 12. Rb1 Nb4 13. Bd2 Be6 14. Ned5 Nexd5 15. Nxd5 Nxd5 16. cxd5 Bd7 17. f4 b5 18. axb5 axb5 {0-1 (52) Tazbir,M (2555)-Duda,J (2542) Warsaw 2013}) 10... Nxd5 11. Nxd5 {LiveBook: 4 Games} Ne7 12. d3 Nxd5 13. Bxd5 Qe7 $146 ({Predecessor:} 13... Bh3 14. Re1 Qd7 15. Rb1 Be6 16. Bxe6 Qxe6 17. b4 b5 18. bxc5 bxc4 19. Rxb8 Rxb8 20. cxd6 Qxd6 21. dxc4 {1-0 (37) Perez,R (2281)-Caceres Vasquez,S (2203) Santiago de Chile 2012}) 14. a4 Be6 15. Bxe6 Qxe6 16. e4 f5 {[%cal Bf7f5,Bf5f4][%mdl 32]} 17. Qe2 f4 {[#] And now ...f3 would win.} 18. f3 h5 19. Qg2 a5 20. Bd2 b6 21. Ra3 {[%cal Ba1a3,Ba3b3,Bb3b5][%mdl 32]} Bh6 22. Rb3 g5 23. g4 hxg4 24. Qxg4 Qxg4+ (24... Kf7 {seems wilder.} 25. Kg2 Ke7 26. Rb5 Bg7 27. h3 Bf6) 25. fxg4 {The position is equal.} Rfc8 26. Rb5 Bf8 27. Rf3 Be7 28. Rh3 Kg7 29. Rh5 Kg6 30. Rb3 Bd8 31. Kg2 Bc7 32. Be1 Rh8 33. Rxh8 Rxh8 $11 {[%mdl 4096] Endgame KRB-KRB} 34. Bf2 Bd8 35. Rc3 Rh7 36. Rc1 Rh8 37. Rh1 Rh7 38. Be1 Rh8 39. Bf2 Rh7 40. Be1 Rh8 41. Rf1 Rh7 42. Rf3 Rh8 43. Bf2 Rh7 44. Be1 Rh8 {Precision: White = 79%, Black = 59%.} 1/2-1/2

[Event "Istanbul Open 2017"]
[Site "Istanbul"]
[Date "2017.09.15"]
[Round "6"]
[White "Grigoriev, Armen"]
[Black "Makaraci, Tunahan"]
[Result "1/2-1/2"]
[WhiteElo "2143"]
[BlackElo "1940"]
[Annotator "TA"]
[PlyCount "120"]
[EventDate "2017.??.??"]
[EventType "swiss"]
[EventCountry "TUR"]
[SourceTitle "playchess.com"]
[Source "ChessBase"]
[SourceQuality "1"]

{[%evp 9,120,6,12,-27,-17,-11,-5,-36,0,0,1,2,9,-2,9,-25,-22,-35,-19,-18,-27,-53,-64,-83,-85,-85,-76,-76,-76,-76,-83,-85,-75,-61,-62,-83,-79,-91,-63,-75,-44,-81,-74,-97,-93,-143,-143,-143,-143,-143,-137,-143,-143,-143,-99,-100,-100,-115,-115,-118,-110,-110,-110,-110,-100,-103,-88,-110,-100,-121,-110,-115,-110,-129,-110,-130,-111,-112,-111,-122,-100,-100,-100,-102,-102,-166,-101,-116,-58,-59,-69,-86,-83,-86,-65,-71,-56,-56,-58,-105,-40,-40,-40,-40,-40,-57,-40,-40,-40,-40,-40,-40,0]} 1. Nf3 d5 2. d4 Nf6 3. Bf4 c5 4. e3 Bf5 (4... Nc6 5. c3 Bg4 6. Nbd2 e6 7. Qb3 Qc8 8. Ne5 Nxe5 9. Bxe5 c4 10. Qc2 Bf5 11. Qd1 Nd7 12. g4 Bg6 13. Bg3 h5 14. g5 h4 {1-0 (45) Karjakin,S (2783)-Meier,G (2630) chess.com INT 2017}) 5. Be2 Nc6 6. Nc3 {D02: 1 d4 d5 2 Nf3 sidelines, including 2...Nf6 3 g3 and 2...Nf6 3 Bf4} e6 7. O-O Be7 8. Na4 $146 {The position is equal.} ({Predecessor:} 8. h3 O-O 9. Ne5 cxd4 10. exd4 Qb6 11. Na4 Qa5 12. Nxc6 bxc6 13. c3 {1-0 (35) Umetsubo,C (2361)-Dos Santos Junior,H (2132) Fraiburgo 2016}) 8... Ne4 9. dxc5 Nxc5 10. Nxc5 Bxc5 11. a3 Rc8 12. Qd2 O-O 13. Rfd1 Qb6 14. b4 Be7 15. Bd3 {Black should prevent Bxf5.} Bg4 16. h3 Bxf3 $1 17. gxf3 Bf6 18. Rab1 Ne5 19. Bxe5 Bxe5 20. f4 Bf6 21. Qe2 Rc3 22. a4 Qc7 23. Kh1 Ra3 24. a5 Bc3 25. Rg1 Ra4 26. Qh5 {[%csl Gd3][%cal Rh5h7] [#]} f5 27. b5 Rxa5 28. Rb3 Bf6 29. Qe2 Rc8 30. Rgb1 Qc5 31. Kh2 Ra1 32. Rxa1 Bxa1 33. Rb1 Bf6 34. Qd1 Qc3 35. Rb3 Qa5 36. Kg2 Rc3 37. Qe1 Qc7 38. Rb1 Qc5 39. Qe2 Qd6 40. Kh1 g6 41. Kg2 Kg7 42. Kh1 Rc7 43. Kg2 Re7 44. Kh1 e5 45. fxe5 Qxe5 {Strongly threatening ...d4.} 46. Qf3 d4 47. Re1 (47. exd4 $17 {is a better defense.} Qxd4 48. Rg1) 47... Bg5 (47... a5 $19 {aiming for ...a4.} 48. bxa6 bxa6) 48. e4 f4 (48... a5 $17 {And now ...a4 would win.} 49. bxa6 bxa6) 49. Ra1 $15 b6 50. Ra4 Rc7 51. Ra1 Bf6 52. Rg1 Qd6 53. Qg4 Be5 54. Ra1 Qd7 ({Black should try} 54... h5 $17 55. Qg2 Qe7) 55. Qxd7+ {Black is slightly better.} Rxd7 {KRB-KRB} 56. Kg2 Kf6 57. Kf3 h5 58. h4 Rg7 59. Rh1 Rc7 60. Rg1 Rg7 {Precision: White = 44%, Black = 42%.} 1/2-1/2

[Event "Istanbul Open 2017"]
[Site "Istanbul"]
[Date "2017.09.15"]
[Round "6"]
[White "Alaz, Ahmet Efekan"]
[Black "Erden, Kadir"]
[Result "0-1"]
[WhiteElo "2053"]
[BlackElo "2283"]
[Annotator "TA"]
[PlyCount "84"]
[EventDate "2017.??.??"]
[EventType "swiss"]
[EventCountry "TUR"]
[SourceTitle "playchess.com"]
[Source "ChessBase"]
[SourceQuality "1"]

{[%evp 14,84,-4,-6,7,0,7,0,0,0,0,2,12,2,2,1,0,0,22,-2,0,-14,0,-43,-47,-50,-30,-48,-37,-54,-37,-57,-51,-60,-26,-36,29,20,27,22,34,27,35,44,48,0,0,13,63,50,67,0,0,0,0,0,0,0,0,-117,29996,-346,-325,-1278,-1238,-29982,-5406,-29993,-29994,-29994,-29995,-29995,-29996]} 1. d4 Nf6 2. e3 g6 3. Bd3 Bg7 4. f4 c5 5. c3 O-O 6. Nf3 d5 7. Nbd2 b6 8. O-O {LiveBook: 12 Games} a5 {A03: Bird's Opening with 1...d5} (8... Ba6 9. Qe2 Qc8 10. Ne5 Bxd3 11. Qxd3 {½-½ (11) Panic,N (2346)-Radovanovic,N (2348) Kraljevo 2014}) 9. a4 $146 ({Find the theoretical novelty and annotate with similar games:} 9. Ne5 Ba6 10. Bxa6 Rxa6 11. a4 Nfd7 12. Qe2 Nxe5 13. fxe5 Ra7 14. Qg4 e6 15. Nf3 f5 16. exf6 Qxf6 {0-1 (41) Antusch,I (1551)-Schmitzer,H (1825) Schloss Schney 2000}) 9... Ba6 10. Qe2 cxd4 {The position is equal.} 11. exd4 Bxd3 12. Qxd3 e6 13. Ne5 Qc7 14. b3 Rc8 $36 {[%mdl 2048] Black is pushing.} 15. Bb2 Nc6 {[%cal Bb8c6,Bc6e7,Be7f5][%mdl 32]} 16. Qf3 Qb7 17. g4 {[%cal Bg2g4,Bg4g5][%mdl 32]} Rc7 18. g5 Ne8 19. h4 Ne7 20. h5 Nf5 21. Rf2 Ned6 22. hxg6 fxg6 23. Re1 Re8 (23... Rac8 $5 {[%cal Rb6b5]}) 24. Ng4 Qc8 (24... b5 $15) 25. Rh2 $11 Qd7 26. Qh3 Bh8 $1 27. Nf3 {Black must now prevent Nfe5.} Rec8 28. Nfe5 Qe8 $1 29. Nf6+ (29. c4 $5) 29... Bxf6 $1 30. gxf6 Ne4 31. Rxe4 $1 dxe4 32. Ba3 (32. Rg2 $14) 32... Rf7 33. Nxg6 {And now Ne5 would win.} Rg7 $1 34. fxg7 Qxg6+ 35. Rg2 Qf6 36. Bf8 (36. Bb2 $11 {keeps the balance.}) 36... e3 $2 {[%mdl 8192] [#]} (36... h6 $17) 37. Rh2 $4 {[%mdl 8192]} (37. Qxh7+ $1 {[%mdl 512] NOTEXT} Kf7 (37... Kxh7 38. g8=Q#) 38. g8=Q+ Ke8 39. Bh6+ Qf8 40. Qxf8#) 37... h6 $19 38. Rc2 $2 {[#]} (38. Ba3 Rxc3 39. Bb2 Rxb3 40. Qf3) 38... Nxd4 $1 {[%mdl 512]} 39. Rg2 (39. cxd4 Rxc2) 39... Rxc3 (39... e2 $142 40. Rxe2 Nxe2+ 41. Kf1 Rxc3 42. Qxc3 Nxc3 43. Bd6 Qxg7 44. Be5 Qg3 45. Bxc3 Qxc3 46. Kf2 Qxb3 47. Ke2 Qxa4 48. Ke3 Qb3+ 49. Kd4 a4 50. f5 exf5 51. Ke5 a3 52. Kd6 a2 53. Ke5 a1=Q+ 54. Kxf5 Qd5+ 55. Kf4 Qc3 56. Kg4 Qg5#) 40. Be7 Rc1+ {Black mates.} 41. Kh2 Qxf4+ 42. Qg3 Nf3+ {Precision: White = 35%, Black = 48%.} 0-1

[Event "Istanbul Open 2017"]
[Site "Istanbul"]
[Date "2017.09.15"]
[Round "6"]
[White "Kocak, Can"]
[Black "Bicer, Atakan Mert"]
[Result "0-1"]
[WhiteElo "1971"]
[BlackElo "1842"]
[Annotator "NA RC"]
[PlyCount "76"]
[EventDate "2017.??.??"]
[EventType "swiss"]
[EventCountry "TUR"]
[SourceTitle "playchess.com"]
[Source "ChessBase"]
[SourceQuality "1"]
[TimeControl "5400+30"]

{[%evp 11,72,24,23,20,17,10,14,8,16,11,20,22,14,15,8,6,12,12,0,0,18,7,0,-11,0,0,14,-88,-111,-87,-108,-119,-102,-210,-152,-154,-133,32767,32767,32767,32767,32767,32767,32767,32767,32767,32767,32767,32767,-184,-154,-226,-208,-203,-45,-58,-26,-34,0,-499,-537,-517,-541]} 1. e4 {[%emt 0:00:30]} c6 {[%emt 0:01:00]} 2. d4 {[%emt 0:00:00]} d5 {[%emt 0:00:00]} 3. e5 {[%emt 0:00:00]} Bf5 {[%emt 0:00:00]} 4. Nf3 {[%emt 0:00:00]} e6 {[%emt 0:00:00]} 5. Be2 {[%emt 0:00:00]} h6 {[%emt 0:00:00]} 6. O-O {[%emt 0:01:30]} Nd7 {[%emt 0:00:00]} 7. c4 {[%emt 0:02:30]} Ne7 {[%emt 0:00:00] B12: Caro-Kann: Advance Variation} 8. Nc3 {[%emt 0:08:30]} dxc4 {[%emt 0:02:30]} 9. Bxc4 {[%emt 0:00:30]} Nb6 {[%emt 0:00:00]} 10. Bd3 {[%emt 0:01:30] LiveBook: 3 Games} (10. Bb3 Ned5 11. Re1 Be7 12. Ne4 O-O 13. Ng3 Bg6 14. Bc2 Qe8 15. h4 {½-½ (45) Lavrov,M (2369)-Bocharov,D (2574) Minsk 2017}) 10... Bxd3 {[%emt 0:04:00]} 11. Qxd3 {[%emt 0:00:00]} Ned5 {[%emt 0:00:30]} 12. Ne4 {[%emt 0:02:00]} Be7 {[%emt 0:03:30]} 13. a3 {[%emt 0:02:30]} a5 {[%emt 0:00:30]} 14. b3 {[%emt 0:02:30]} O-O $146 {[%emt 0:24:30]} ({Find the theoretical novelty and annotate with similar games:} 14... Qd7 15. Bd2 {0-1 (65) Mitchell,J-Gersov,E (2256) New York 1999}) 15. g3 {[%emt 0:14:30]} a4 {[%emt 0:07:30]} 16. b4 {[%emt 0:00:30]} Nc7 {[%emt 0:12:30]} 17. Nfd2 {[%emt 0:04:30]} Nb5 {[%emt 0:00:00]} 18. Bb2 {[%emt 0:00:30]} Qd5 {[%emt 0:00:00]} 19. f4 {[%emt 0:01:30]} (19. Nc5 $11) 19... Rfd8 {[%emt 0:00:30]} 20. Rad1 {[%emt 0:35:30]} Nxd4 {[%emt 0:32:16]} 21. Qe3 {[%emt 0:15:02]} c5 {[%emt 0:00:10]} 22. bxc5 {[%emt 0:02:11]} (22. Bxd4 $17 {was called for.} Qxd4 23. Qxd4 cxd4 24. Rf3) 22... Bxc5 {[%emt 0:00:13]} 23. Nxc5 {[%emt 0:00:07]} Qxc5 {[%emt 0:00:04]} 24. Ne4 {[%emt 0:04:19]} Nf3+ {[%emt 0:00:28]} 25. Kf2 {[%emt 0:00:00]} Qxe3+ {[%emt 0:00:00]} 26. Kxe3 {[%emt 0:00:03]} Nc4+ {[%emt 0:00:00]} 27. Kxf3 {[%emt 0:00:30]} Nxb2 {[%emt 0:00:19]} 28. Rb1 {[%emt 0:01:42]} Nc4 {[%emt 0:00:20]} 29. Rxb7 {[%emt 0:00:09]} Rd3+ {[%emt 0:00:07]} 30. Kf2 {[%emt 0:00:24]} Rxa3 {[%emt 0:00:08]} 31. Rc1 {[%emt 0:00:32]} Ra2+ {[%emt 0:01:00]} 32. Kf3 {[%emt 0:01:29]} Na5 $2 {[%emt 0:02:50]} (32... Rc8 $19 33. Rd1 Rxh2) 33. Rd7 $1 {[%emt 0:00:16]} a3 {[%emt 0:00:16]} 34. Rcc7 {[%emt 0:00:34]} Rf8 {[%emt 0:00:16]} 35. Nd6 $2 {[%emt 0:00:33]} (35. Rd3 $11) 35... Rd2 {[%emt 0:01:28]} 36. Ra7 {[%emt 0:00:29]} Rd5 $19 {[%emt 0:00:06]} 37. Rxa5 {[%emt 0:00:36]} Rxa5 {[%emt 0:00:09]} 38. Nc4 {[%emt 0:00:05]} a2 {[%emt 0:00:04]} 0-1

[Event "Istanbul Open 2017"]
[Site "Istanbul"]
[Date "2017.09.15"]
[Round "6"]
[White "Tastan, Hakan Mete"]
[Black "Iyti, Basher"]
[Result "0-1"]
[WhiteElo "1958"]
[BlackElo "2303"]
[Annotator "TA"]
[PlyCount "46"]
[EventDate "2017.??.??"]
[EventType "swiss"]
[EventCountry "TUR"]
[SourceTitle "playchess.com"]
[Source "ChessBase"]
[SourceQuality "1"]

{[%evp 16,46,35,36,115,-48,-43,-512,-365,-380,-416,-397,-394,-402,-398,-404,-385,-383,-302,-309,-265,-274,-272,-264,-243,-362,-376,-379,-379,-362,-361,-1142,-1102]} 1. c4 c6 2. Nf3 d5 3. g3 Nf6 4. Bg2 Bg4 5. O-O e6 6. b3 Nbd7 7. Bb2 Bd6 8. d4 Ne4 {D11: Slav Defence: 3 Nf3 sidelines and 3...Nf6 4 e3 Bg4} (8... O-O 9. Nbd2 h6 10. Ne5 Bf5 11. Rc1 Qe7 12. h3 Ba3 13. Bxa3 Qxa3 14. Nxd7 Nxd7 15. Ra1 a5 16. Qc1 Qe7 17. a3 {½-½ (34) Timofeev,A (2690)-Ni,H (2645) Ningbo 2010}) 9. Nfd2 {LiveBook: 5 Games} Ng5 {[#]} (9... Nxd2 $14 10. Nxd2 O-O) 10. h4 $146 (10. f3 $1 $16 {[%cal Rf3g4]} Bh3 11. Nc3) ({Predecessor:} 10. f4 Nh3+ 11. Kh1 h5 12. Qe1 f5 13. Nf3 h4 14. Ng1 hxg3 15. Nxh3 Bxh3 16. hxg3 Qf6 17. Bxh3 Qh6 18. Kg2 Qxh3+ 19. Kf3 g5 20. Bc1 gxf4 21. Bxf4 Bxf4 {0-1 (22) Salomon,G-McCambridge,V (2465) Somerset 1986}) 10... Nh3+ $15 {Black is slightly better.} 11. Kh2 $2 {[%mdl 8192] [#]} (11. Bxh3 $1 $15 Bxh3 12. Re1) 11... Nxf2 $1 {[%mdl 512]} 12. Rxf2 Qxh4+ $1 13. Kg1 Bxg3 14. Rf3 Qh2+ 15. Kf1 Bh3 {[%csl Gh2][%cal Rh3g2]} 16. Rxg3 Qxg3 17. Bxh3 {Hoping for Bg2.} Qxh3+ 18. Kg1 Qe3+ 19. Kg2 h5 20. Nf1 (20. Nf3 $142) 20... Qe4+ $19 21. Kf2 Qh4+ 22. Ke3 Nf6 {Strongly threatening ...Ne4.} 23. Nbd2 $2 (23. Kd2) 23... Ng4+ {Precision: White = 19%, Black = 78%.} 0-1

[Event "Istanbul Open 2017"]
[Site "Istanbul"]
[Date "2017.09.15"]
[Round "6"]
[White "Acarbay, Algi"]
[Black "Soyunlu, Narmin"]
[Result "1/2-1/2"]
[WhiteElo "1920"]
[BlackElo "2059"]
[Annotator "NA RC"]
[PlyCount "191"]
[EventDate "2017.??.??"]
[EventType "swiss"]
[EventCountry "TUR"]
[SourceTitle "playchess.com"]
[Source "ChessBase"]
[SourceQuality "1"]
[TimeControl "5400+30"]

{[%evp 8,187,31,36,33,29,26,29,32767,32767,32767,32767,36,42,58,31,75,78,68,12,60,0,0,-3,47,27,37,6,35,20,22,5,20,2,46,20,38,25,35,16,41,28,20,44,33,25,36,8,12,21,108,12,106,18,104,93,86,83,91,8,19,0,0,0,40,22,29,40,27,38,101,113,118,8,129,32767,32767,32767,32767,32767,32767,32767,32767,32767,32767,32767,0,0,0,0,0,-8,0,-102,-108,-99,-102,-168,-189,-183,-168,-295,-183,-176,32767,32767,32767,32767,32767,32767,32767,32767,-148,-264,32767,32767,32767,32767,-415,-383,-1031,-2237,32767,32767,32767,32767,32767,32767,32767,32767,32767,32767,-160,-408,-514,-2218,-160,-531,0,-168,-1046,-4641,-3955,32767,32767,32767,32767,-6123,-29966,-29975,-29966,-29971,-8,-29985,-29974,-29962,-29971,-29979,-29977,32767,32767,32767,32767,32767,32767,32767,-29977,-29978,-29975,-29974,-29976,-29974,0,0,0,-29,0,0,0,0,0,0]} 1. e4 {[%emt 0:00:30]} e6 {[%emt 0:01:00]} 2. d4 {[%emt 0:00:00]} d5 {[%emt 0:00:00]} 3. Nd2 {[%emt 0:01:00]} Nc6 {[%emt 0:00:00]} 4. Ngf3 {[%emt 0:00:30]} Nf6 {[%emt 0:00:30]} 5. e5 {[%emt 0:00:30]} Nd7 {[%emt 0:00:30]} 6. Bd3 {[%emt 0:00:30]} Nb4 {[%emt 0:00:30]} 7. Be2 {[%emt 0:01:30]} c5 {[%emt 0:00:00]} 8. c3 {[%emt 0:00:30]} Nc6 {[%emt 0:00:00]} 9. O-O {[%emt 0:00:30]} cxd4 {[%emt 0:01:30]} 10. cxd4 {[%emt 0:00:00]} f6 {[%emt 0:05:30] C04: French Tarrasch: 3...Nc6} 11. exf6 {[%emt 0:01:00]} Qxf6 {[%emt 0:00:30]} (11... Nxf6 12. Nb3 Bd6 13. Bg5 O-O 14. Bh4 Bd7 15. Bg3 Bxg3 16. hxg3 Ne4 17. Re1 Be8 18. Bd3 Bg6 19. Bxe4 dxe4 20. Nh4 Bf5 {1-0 (67) Rublevsky,S (2692)-Demidov,M (2507) Cheboksary 2016}) 12. Nb3 {[%emt 0:00:30]} Bd6 {[%emt 0:02:00] LiveBook: 3 Games} 13. Bd3 {[%emt 0:11:30]} ({White should play} 13. Bg5 $14 Qf7 14. Bh4) 13... h6 {[%emt 0:06:30]} 14. Re1 {[%emt 0:11:30]} O-O {[%emt 0:01:30]} 15. Bb1 {[%emt 0:02:30]} Rd8 {[%emt 0:06:30]} (15... Rf7 $11) 16. Qd3 {[%emt 0:04:30]} Nf8 {[%emt 0:04:30]} 17. a3 $146 {[%emt 0:05:30]} ({Find the theoretical novelty and annotate with similar games:} 17. Qe3 Bd7 18. Ne5 Be8 19. a3 {1-0 (40) Perekhozhuk,M (1569)-Hoppe,A (1677) Magdeburg 2013}) 17... Bd7 {[%emt 0:02:30]} 18. Nc5 {[%emt 0:08:30]} Bxc5 {[%emt 0:07:30]} 19. dxc5 {[%emt 0:00:00]} Be8 {[%emt 0:01:30]} 20. Qe3 {[%emt 0:04:00]} Bf7 {[%emt 0:23:30]} 21. Qf4 {[%emt 0:03:30]} Nd7 {[%emt 0:03:30]} 22. Qxf6 $1 {[%emt 0:04:30]} gxf6 {[%emt 0:04:30]} 23. Bxh6 {[%emt 0:04:30]} Nxc5 {[%emt 0:00:30]} 24. b4 {[%emt 0:00:30]} Nb3 {[%emt 0:01:30]} 25. Ra2 {[%emt 0:00:30]} e5 $1 {[%emt 0:08:30]} 26. Rb2 {[%emt 0:01:30]} Nbd4 {[%emt 0:03:14]} 27. Nxd4 {[%emt 0:00:30]} Nxd4 {[%emt 0:00:30]} 28. Rd2 {[%emt 0:08:30]} Ne6 {[%emt 0:02:39]} (28... Rac8 $11) 29. Red1 {[%emt 0:04:30]} ({White should try} 29. Rd3 $16) 29... Nc7 {[%emt 0:09:07] [#]} (29... Bh5 $11 {keeps the balance.} 30. Re1 b6) 30. Bf5 {[%emt 0:08:30]} (30. Rd3 $1 $16 {[%cal Rd3g3]} e4 31. Rg3+ Kh7 32. Bc1) 30... Bh5 {[%emt 0:04:25]} (30... Be8 $1 $11) 31. Rc1 {[%emt 0:00:57]} Nb5 {[%emt 0:00:01]} 32. Rd3 {[%emt 0:03:16]} Kf7 {[%emt 0:00:49]} 33. a4 {[%emt 0:03:22]} ({Better is} 33. Rc5 $16 Bg6 34. Bxg6+ (34. Rxb5 Bxf5 35. Rd1 Kg6 $15) (34. Rcxd5 Nd4 $17) (34. Rdxd5 $2 Bxf5 35. Rxb5 b6 $19) 34... Kxg6 35. Rxb5 Kxh6 36. Rbxd5 (36. Rxb7 d4 $14) 36... Rxd5 37. Rxd5) 33... Bg6 {[%emt 0:00:31]} 34. Bxg6+ {[%emt 0:04:56]} Kxg6 {[%emt 0:00:02]} 35. Be3 {[%emt 0:00:19]} e4 {[%emt 0:02:42]} 36. Rdd1 {[%emt 1:46:09]} d4 {[%emt 1:47:19]} 37. axb5 {[%emt 0:00:30]} dxe3 {[%emt 0:00:30]} 38. fxe3 {[%emt 0:00:30]} Rxd1+ {[%emt 0:00:30]} (38... Rd3 $11 {remains equal.}) 39. Rxd1 {[%emt 0:00:30]} Rc8 {[%emt 0:00:30]} 40. Kf2 {[%emt 0:00:30]} (40. Ra1 $16) 40... Rc3 {[%emt 0:00:30]} (40... Rc2+ $11 {remains equal.} 41. Kg3 b6) 41. Rd4 {[%emt 0:00:30]} Kf5 {[%emt 0:00:29]} 42. h4 {[%emt 0:00:55]} Rc2+ {[%emt 0:00:04]} 43. Kg3 {[%emt 0:00:07]} Re2 {[%emt 0:00:36]} 44. Rd7 {[%emt 0:00:41]} Rxe3+ {[%emt 0:00:07]} 45. Kf2 {[%emt 0:00:04]} Rb3 {[%emt 0:00:18]} 46. Rxb7 {[%emt 0:00:20]} Rxb4 {[%emt 0:01:09]} 47. Rxa7 {[%emt 0:01:07]} Rxb5 {[%emt 0:00:49]} 48. h5 {[%emt 0:01:09]} Kg5 {[%emt 0:00:38]} 49. Re7 {[%emt 0:00:34]} f5 {[%emt 0:00:20]} 50. Kg3 {[%emt 0:00:46]} (50. h6 $11) 50... Rb3+ {[%emt 0:00:08]} ({But not} 50... Kxh5 $6 51. Kf4 $11) 51. Kf2 {[%emt 0:00:07]} Kxh5 {[%emt 0:00:24]} 52. Rh7+ {[%emt 0:00:35]} (52. Re8 $17 {was called for.}) 52... Kg5 {[%emt 0:00:12]} 53. Rg7+ {[%emt 0:00:08]} Kf6 {[%emt 0:01:21]} 54. Ra7 {[%emt 0:00:35]} (54. Rg8 {was the only chance.}) 54... f4 {[%emt 0:01:02]} 55. Ra2 {[%emt 0:00:53]} Kf5 {[%emt 0:00:14]} 56. Ra8 {[%emt 0:00:36]} Rb2+ {[%emt 0:00:01]} 57. Kf1 {[%emt 0:00:06]} Rb1+ {[%emt 0:00:10]} 58. Ke2 {[%emt 0:00:19]} Rb2+ {[%emt 0:00:09]} 59. Kf1 {[%emt 0:00:07]} Ke5 {[%emt 0:00:51]} 60. Ra4 {[%emt 0:00:26]} (60. Rd8 $142) 60... Rb1+ {[%emt 0:00:48]} 61. Ke2 {[%emt 0:00:05]} Rb2+ {[%emt 0:00:01]} 62. Kf1 {[%emt 0:00:03]} Rd2 {[%emt 0:00:48]} 63. Rb4 {[%emt 0:00:21]} e3 {[%emt 0:00:30]} 64. Ra4 {[%emt 0:00:53]} Rd1+ {[%emt 0:01:01]} 65. Ke2 {[%emt 0:00:05]} Rd2+ {[%emt 0:00:01]} 66. Kf1 {[%emt 0:00:03]} Rf2+ {[%emt 0:00:27]} 67. Kg1 {[%emt 0:00:03]} Kf5 {[%emt 0:01:07]} 68. Ra8 $19 {[%emt 0:00:30]} Rd2 {[%emt 0:00:37]} 69. Kf1 {[%emt 0:00:30]} Ke4 {[%emt 0:00:36]} 70. Ra4+ $2 {[%emt 0:00:30]} (70. Rg8 $17) 70... Rd4 {[%emt 0:00:19]} 71. Ra8 $1 {[%emt 0:01:40]} Kd3 $2 {[%emt 0:00:24]} (71... Rd1+ $19 {and Black stays clearly on top.} 72. Ke2 Rd2+ 73. Kf1 Rf2+ 74. Kg1 Kd5 75. Ra5+ Kd4 76. Ra4+ Ke5 77. Ra5+ Kd4) 72. Ra3+ $2 {[%emt 0:00:09]} (72. Ke1 $17 {nothing else works.}) 72... Ke4 $2 {[%emt 0:00:37]} (72... Kd2 $19 73. Ra2+ Kc3) 73. Ra8 {[%emt 0:00:09]} Rc4 {[%emt 0:00:01]} 74. Rd8 {[%emt 0:01:25]} Rb4 {[%emt 0:01:02]} 75. Rd7 {[%emt 0:01:36]} Rb1+ {[%emt 0:00:04]} 76. Ke2 {[%emt 0:00:06]} Rb2+ {[%emt 0:00:03]} 77. Kf1 {[%emt 0:00:01]} Rf2+ {[%emt 0:00:08]} 78. Kg1 {[%emt 0:00:08]} f3 {[%emt 0:01:12]} 79. gxf3+ {[%emt 0:00:50]} Kxf3 $2 {[%emt 0:00:07]} (79... Rxf3 {NOTEXT} 80. Re7+ Kd3 81. Kg2 Rf2+ 82. Kg3 Rf1 83. Rd7+ Ke2 84. Re7 Kd2 85. Rd7+ Ke1 86. Kg2 e2 87. Rd5 Rf4 88. Rd7 Rg4+ 89. Kh3 Rg5 90. Kh2 Kf2 91. Rf7+ Ke3 92. Re7+ Kf3 93. Re8 Rg4 94. Kh3 Re4 95. Rxe4 Kxe4 96. Kh4 e1=Q+ 97. Kg5 Ke5 98. Kg4 Qe2+ 99. Kg3 Kf5 100. Kh3 Kf4 101. Kh4 Qh2#) 80. Ra7 $2 {[%emt 0:01:48]} (80. Rf7+ $11 Ke2 81. Ra7) 80... Rb2 {[%emt 0:00:20]} 81. Rf7+ {[%emt 0:00:31] [#]} Ke2 $1 {[%emt 0:00:05]} 82. Rf1 {[%emt 0:00:46]} Rd2 {[%emt 0:00:11]} 83. Kg2 {[%emt 0:00:25]} Rd1 {[%emt 0:00:48]} 84. Kg1 {[%emt 0:00:30]} Rd2 {[%emt 0:00:30]} 85. Kg2 {[%emt 0:00:30]} Rd1 {[%emt 0:00:02]} 86. Rf7 {[%emt 0:00:29]} Rd5 {[%emt 0:00:19]} 87. Rg7 {[%emt 0:00:32]} Rf5 {[%emt 0:00:28]} 88. Rg6 {[%emt 0:00:30]} Ke1 {[%emt 0:00:26]} 89. Ra6 {[%emt 0:00:19] [#]} Rg5+ $11 {[%emt 0:02:50]} (89... Rd5 $1 {NOTEXT} 90. Ra1+ Rd1 91. Ra3 e2 92. Ra2 Rd8 93. Ra1+ Kd2 94. Ra2+ Ke3 95. Ra3+ Kd2 96. Ra2+ Ke3 97. Ra3+ Rd3 98. Ra1 Rd1 99. Ra3+ Kd4 100. Ra4+ Kc3 101. Ra3+ Kb4 102. Re3 e1=Q 103. Rxe1 Rxe1 104. Kf3 Kc3 105. Kg4 Re5 106. Kf4 Kd4 107. Kf3 Re4 108. Kf2 Rf4+ 109. Ke2 Rf8 110. Kd2 Rf2+ 111. Ke1 Ke3 112. Kd1 Rg2 113. Kc1 Kd3 114. Kb1 Kc3 115. Ka1 Kb3 116. Kb1 Rg1#) 90. Kf3 {[%emt 0:00:15]} Re5 {[%emt 0:00:42]} (90... e2 $5 91. Ra1+ $8 Kd2 92. Ra2+ Kd1 93. Rxe2 Rf5+ 94. Ke4 Kxe2 95. Kxf5 $11) 91. Ra1+ {[%emt 0:00:41]} Kd2 {[%emt 0:00:01]} 92. Ra2+ {[%emt 0:00:06]} Kd3 {[%emt 0:00:21]} 93. Ra3+ {[%emt 0:00:09]} Kd2 {[%emt 0:00:50]} 94. Ra2+ {[%emt 0:00:04]} Kd1 {[%emt 0:00:25]} 95. Ra1+ {[%emt 0:00:09]} Kc2 {[%emt 0:00:10]} 96. Ra2+ {[%emt 0:00:13]} 1/2-1/2